| 000 | 00567cam a2200253ua 4500 | ||
|---|---|---|---|
| 020 | _c$ 8.95 | ||
| 041 |
_aeng _h |
||
| 082 |
_a541.3 _bBAR/PH |
||
| 100 | _aBarrow, Gordomm . | ||
| 245 | _aPhysical chemistry | ||
| 250 |
_a1 / _b. |
||
| 260 |
_aNew York : _bMc Graw Hill Book Company , _c1789. |
||
| 300 | _a832 ; . | ||
| 365 | _a$ 8.95 | ||
| 504 | _a | ||
| 942 | _cBK | ||
| 999 |
_c1605 _d1605 |
||